Los rasgos hegemónicos del socialismo y la revolución sandinista

Kaydedildi:
Detaylı Bibliyografya
Yazar: Chamorro Z, Amalia
Materyal Türü: Metin
Baskı/Yayın Bilgisi: Managua :
Etiketler: Etiketle
Etiket eklenmemiş, İlk siz ekleyin!

MARC

LEADER 00000 a a2200000 04500
001 14624
003
040 |a CRAI/IIS  |c CRAI/IIS 
090 |a 021600  
100 |a Chamorro Z, Amalia  
245 |a Los rasgos hegemónicos del socialismo y la revolución sandinista  
260 |a Managua :  
300 |a 39 p  
999 |c 4491  |d 4491